000 00597pam a2200181 a 4500
020 _a 978-9386314055
082 0 0 _a625.7
_bGUP
_cN-02,P-99
100 1 _aGupta, Avinash.
_951505
245 1 0 _aHighway construction and maintenance
_cGupta, Avinash.
250 _a1 st. ed.
260 _aNew delhi :
_bRandom Publications ;
_c2017.
300 _avi, 298 p. :
_bill. ;
_c24 cm.
526 _a0
_b0
_c0
_d625_700000000000000_GUP
526 _a0
_b0
_c0
_d625_700000000000000_GUP
650 0 _aRoads
_xDesign and construction.
_919562
650 0 _aRoads
_xMaintenance and repair.
_919609
942 _2ddc
_cBK
999 _c554190
_d554190